| 000 | 00912nam a2200241 a 4500 | ||
|---|---|---|---|
| 001 | 000024751 | ||
| 005 | 20200930023340.0 | ||
| 008 | 110203s1980 mx r 000 0 spa d | ||
| 020 | _a9682301394 | ||
| 040 |
_aDO-SdBNP _bspa _cBNPHU |
||
| 041 | 1 | 7 |
_aspa _hfre _2Código de idiomas MARC |
| 082 |
_ann* _bnn* |
||
| 100 | 1 |
_aPoulantzas, Nicos. _950741 |
|
| 240 | 1 | 4 |
_aLes classes sociales dans le capitalisme aujourd´hui. _lEspañol |
| 245 | 1 | 4 |
_aLas clases sociales en el capitalismo actul / _cNicos Poulantzas ; traducción de Aurelio Garzón del Camino. |
| 250 | _a5a ed. | ||
| 260 |
_aMéxico, D. F. : _bSiglo Veintiuno, _c1980. |
||
| 300 |
_a312 p. ; _c21 cm. |
||
| 534 |
_aTítulo original : _tLes classes sociales dans le capitalisme aujourd´hui |
||
| 500 | _aIncluye referencias bibliográficas y notas al pie de las páginas. | ||
| 700 | 1 |
_aGarzón del Camino, Aurelio, _etr. _940620 |
|
| 049 | _aBNGR | ||
| 999 |
_c24244 _d24244 |
||